Countries in their native language pt. 3 - Statistics

General Stats
  • This quiz has been taken 40 times
  • The average score is 12 of 15
Answer Stats
Hint Answer % Correct
Danmark Denmark
100%
España Spain
100%
Nederland The Netherlands
100%
Lëtzebuerg Luxembourg
97%
Jamhuri ya Kidemokrasia ya Kongo Democratic Republic of Congo
95%
Sudan Kidul South Sudan
92%
България Bulgaria
81%
대한민국 South Korea
78%
إيران Iran
76%
Србија Serbia
73%
Κύπρος Cyprus
65%
الأردن Jordan
62%
Հայաստան Armenia
59%
الجزائر Algeria
54%
မြန်မာ Myanmar
51%
No matching quizzes found
Score Distribution
Percent of People with Each Score
Percentile by Number Answered
Your Score History
You have not taken this quiz